| 000 | 00540cam a22002172a 4500 | ||
|---|---|---|---|
| 001 | 014677 | ||
| 003 | AR-FADEU | ||
| 008 | 311216n1986####xxu####################dd | ||
| 020 | _a0-7710-7216-3 | ||
| 092 |
_a811.54 _bP985c |
||
| 100 | _aPurdy, Al | ||
| 245 | _aThe collected poems of Al Purdy | ||
| 260 | _aToronto | ||
| 260 | _bMcClelland and Stewart | ||
| 260 | _c1986 | ||
| 300 | _a396 p | ||
| 700 | _aRussell, Brown, ed. | ||
| 650 | _aLITERATURA CANADIENSE-SIGLO XX; POESIA/REVISADO/ | ||
| 546 | _aInglés | ||
| 942 | _cBDGR | ||
| 999 |
_c20437 _d20437 |
||